| LEADER | 00839nam a2200217 a 4500 | ||
|---|---|---|---|
| 001 | c000085657 | ||
| 003 | CARM | ||
| 005 | 00000000000000.0 | ||
| 008 | 920701s1900 enk 00011 eng d | ||
| 019 | 1 | |a 9094205 |5 LACONCORD2021 | |
| 035 | |a (OCoLC)8933638 |5 LACONCORD2021 | ||
| 040 | |a VLINC |c VLINC | ||
| 100 | 1 | |a Gilchrist, Murray, |d 1868-1917. | |
| 245 | 1 | 4 | |a The courtesy dame : |b a novel / |c by R. Murray Gilchrist. |
| 260 | |a London : |b Heinemann, |c 1900. | ||
| 300 | |a [248 p.] ; |c 20 cm. | ||
| 500 | |a Last page[s] probably missing from copy at hand, collation therefore suspect. | ||
| 852 | 8 | |b CARM |h A2:AH28G0 |i A01718 |p 0134785 |f BK | |
| 082 | 0 | 4 | |a 823.912 |2 20 |
| 999 | f | f | |i 1a6d7e76-5624-5539-91ad-d67edb8841c2 |s b6dfb671-72f4-5b9d-a895-82bd9eb69dfc |
| 952 | f | f | |p Can circulate |a CAVAL |b CAVAL |c CAVAL |d CARM 1 Store |e A01718 |f A2:AH28G0 |h Other scheme |i book |m 0134785 |